UM Logo

A family of interleaved high step-up DC—DC converters by integrating a voltage multiplier and an active clamp circuits / (Record no. 19564)

MARC details
000 -LEADER
fixed length control field 00752nam a22001817a 4500
003 - CONTROL NUMBER IDENTIFIER
control field OSt
005 - DATE AND TIME OF LATEST TRANSACTION
control field 20240308142139.0
008 - FIXED-LENGTH DATA ELEMENTS--GENERAL INFORMATION
fixed length control field 240308b ||||| |||| 00| 0 eng d
040 ## - CATALOGING SOURCE
Transcribing agency 0
082 ## - DEWEY DECIMAL CLASSIFICATION NUMBER
Classification number DPer 621.317 Ie21 July 2022 v.37 n. 7
100 ## - MAIN ENTRY--PERSONAL NAME
Personal name Beiranvand, Reza.
Relator term author.
9 (RLIN) 54184
245 ## - TITLE STATEMENT
Title A family of interleaved high step-up DC—DC converters by integrating a voltage multiplier and an active clamp circuits /
Statement of responsibility, etc. Reza Beiranvand and Soheil Hasani Sangani
260 ## - PUBLICATION, DISTRIBUTION, ETC. (IMPRINT)
Place of publication, distribution, etc. New York;
Name of publisher, distributor, etc. The Institute of Electrical and Electronics Engineers, Inc.,
Date of publication, distribution, etc. July 2022.
300 ## - PHYSICAL DESCRIPTION
Extent volume 37,
Other physical details pages 8001-8014,
Dimensions illustration.
700 ## - ADDED ENTRY--PERSONAL NAME
Personal name Beiranvand, Reza.
Relator term author.
9 (RLIN) 54184
700 ## - ADDED ENTRY--PERSONAL NAME
Personal name Sangani, Soheil Hasani.
Relator term author.
9 (RLIN) 54185
942 ## - ADDED ENTRY ELEMENTS (KOHA)
Source of classification or shelving scheme Dewey Decimal Classification
Koha item type Periodicals
Holdings
Withdrawn status Lost status Source of classification or shelving scheme Damaged status Not for loan Collection code Home library Current library Date acquired Total Checkouts Full call number Date last seen Price effective from Koha item type Public note
    Dewey Decimal Classification     Periodicals UM Digos College - LIC UM Digos College - LIC 03/08/2024   DPer 621.317 Ie21 July 2022 v.37 n. 7 03/08/2024 03/08/2024 Periodicals Periodical Article